| 000 | 00685cam a22002413a 4500 | ||
|---|---|---|---|
| 001 | 29143 | ||
| 003 | PGUSA | ||
| 005 | 20140828083630.0 | ||
| 008 | 090617s2009||||xxu|||||s|||||000 | eng d | ||
| 040 |
_aPGUSA _beng |
||
| 042 | _adc | ||
| 050 | 4 | _aBX | |
| 100 | 1 |
_aDawson, Æneas MacDonell, _d1810-1894 |
|
| 245 | 1 | 0 |
_aPius IX. And His Time _h[electronic resource] / _cÆneas MacDonell Dawson |
| 260 |
_bProject Gutenberg, _c2009 |
||
| 506 | _aPublic domain in the USA. | ||
| 516 | _aElectronic text | ||
| 653 | _aPapacy -- History | ||
| 653 | _aPius IX, Pope, 1792-1878 | ||
| 830 | 0 |
_aProject Gutenberg _v29143 |
|
| 856 | 4 | 0 | _uhttp://www.gutenberg.org/ebooks/29143 |
| 942 | _cEB | ||
| 999 |
_c258398 _d258398 |
||